000
00257nam a2200109Ia 4500
008
190216s9999||||xx |||||||||||||| ||und||
100
_a
Achutha Menon C
245
0
_a
Smaranayude Edugal
260
_b
Prabhath Book House
650
_a
Smaranakal
942
_c
BK
999
_c
26654
_d
26654